| 000 | 00806nam a2200301Ia 4500 | ||
|---|---|---|---|
| 008 | 171025s9999 xx 000 0 und d | ||
| 020 | _a1598694464 | ||
| 050 | _a658.4 | ||
| 050 | _bG547 2006 | ||
| 100 | _aGlaser, Judith | ||
| 245 | 4 | _aThe DNA of leadership : | |
| 245 | _bleverage your instincts to communicate, differentiate, innovate / | ||
| 245 | _cby Judith E. Glaser. | ||
| 260 | _aUSA : | ||
| 260 | _bPlatinum Press, | ||
| 260 | _c2006 | ||
| 300 | _axxiii, 312 pages : | ||
| 300 | _billustrations ; | ||
| 300 | _c23cm. | ||
| 500 | _aIncludes index. | ||
| 650 | _aCommunication in organizations -- | ||
| 650 | _aLeadership -- | ||
| 650 | _aSuccess in business -- | ||
| 650 | _xUnited States. | ||
| 650 | _xUnited States. | ||
| 650 | _xUnited States. | ||
| 700 | _aTitle. | ||
| 999 |
_c344480 _d344480 |
||